0328-弘前市(青森県)の駅 - Statistics

General Stats
  • This quiz has been taken 5 times
  • The average score is 8 of 17
Answer Stats
Answer % Correct
弘前
100%
石川
75%
撫牛子
75%
石川
75%
中央弘前
75%
弘前東高前
50%
運動公園前
50%
新里
25%
石川プール前
25%
義塾高校前
25%
津軽大沢
25%
松木平
25%
小栗山
25%
千年
25%
聖愛中高前
25%
弘前学院大前
25%
弘高下
25%
No matching quizzes found
Score Distribution
Percent of People with Each Score
Percentile by Number Answered
Your Score History
You have not taken this quiz